| 000 | 00657nam a2200217 a 4500 | ||
|---|---|---|---|
| 005 | 20210223125404.0 | ||
| 008 | 040503s2003 mx r 000 0 spa d | ||
| 020 | _a8497561023 | ||
| 035 | _aUPN01000133749 | ||
| 049 | _aCG | ||
| 050 | 4 |
_aBF723 F4 _bB4.3 |
|
| 100 | 1 | _aBerazaluce Pintado, Elena | |
| 245 | 1 | 0 |
_aA qué tienen miedo los niños / _cElena Berazaluce Pintado, Estíbaliz Diego Alvarez. |
| 260 |
_aMadrid : _bSíntesis, _c2003. |
||
| 300 | _a253 p. | ||
| 440 | 0 |
_aNiños, adolescentes, padres ; _v9 |
|
| 650 | 4 |
_aMIEDOS INFANTILES _96668 |
|
| 650 | 4 |
_aMIEDO - _xPSICOLOGIA |
|
| 700 | 1 |
_aDiego Alvarez, Estíbaliz, _ecoaut. |
|
| 905 | _aLibro | ||
| 999 |
_c105900 _d105900 |
||